Score 0/10 Timer 04:00
9 Plays Today
Scramble S Word % Correct
LAUSSAUL
99.6%
MOINSSIMON
94.6%
DOOMSSODOM
93.3%
LOMOONSSOLOMON
90%
MASONSSAMSON
87.1%
HERPHEDSSHEPHERD
85.8%
ULAMESSAMUEL
83.3%
PENTHESSTEPHEN
58.3%
RAPHEIMSSERAPHIM
50.8%
ATRAINMASSAMARITAN
47.1%

You're not logged in!

Compare scores with friends on all Sporcle quizzes.
OR
Log In

Sporcle TV

Today on Sporcle TV


Watch our educational content, quiz creation guides, and fun videos on Sporcle TV.

Show Comments

Extras

Top Quizzes Today


Score Distribution

Paid Content

Your Account Isn't Verified!

In order to create a playlist on Sporcle, you need to verify the email address you used during registration. Go to your Sporcle Settings to finish the process.

Report this User

Report this user for behavior that violates our Community Guidelines.

Details: